El ensayo hispanoamericano del siglo XX / (Record no. 195814)
[ view plain ]
| 000 -LEADER | |
|---|---|
| campo de control de longitud fija | 01380nam a22003615a 4500 |
| 001 - NÚMERO DE CONTROL | |
| campo de control | 195814 |
| 003 - IDENTIFICADOR DE NÚMERO DE CONTROL | |
| campo de control | ES-MaACL |
| 005 - FECHA Y HORA DE LA ÚLTIMA TRANSACCIÓN | |
| campo de control | 20250309063127.0 |
| 008 - DATOS DE LONGITUD FIJA--INFORMACIÓN GENERAL | |
| campo de control de longitud fija | 250307s2004 mx 000 0 spa d |
| 020 ## - NÚMERO INTERNACIONAL ESTÁNDAR DEL LIBRO | |
| Número Internacional Estándar del Libro | 9681672720 |
| 035 ## - NÚMERO DE CONTROL DEL SISTEMA | |
| Número de control de sistema | Rebiun02604532 |
| 040 ## - FUENTE DE CATALOGACIÓN | |
| Centro catalogador/agencia de origen | SpMaUCFL |
| Lengua de catalogación | spa |
| Centro/agencia transcriptor | ES-MaACL |
| 080 ## - NÚMERO DE LA CLASIFICACIÓN DECIMAL UNIVERSAL | |
| Número de la Clasificación Decimal Universal | 821.134.2(7/8)-4"19"(08) |
| 245 03 - MENCIÓN DEL TÍTULO | |
| Título | El ensayo hispanoamericano del siglo XX / |
| Mención de responsabilidad, etc. | John Skirius (compilador) ; [traducción del prólogo David Huerta] |
| 250 ## - MENCION DE EDICION | |
| Mención de edición | Quinta edición corregida y aumentada, 2004 |
| 260 ## - PUBLICACIÓN, DISTRIBUCIÓN, ETC. | |
| Lugar de publicación, distribución, etc. | México : |
| Nombre del editor, distribuidor, etc. | Fondo de Cultura Económica, |
| Fecha de publicación, distribución, etc. | 2004 |
| 300 ## - DESCRIPCIÓN FÍSICA | |
| Extensión | 888 p. ; |
| Dimensiones | 23 cm |
| 336 ## - TIPO DE CONTENIDO | |
| Fuente | rdacontent |
| Término de tipo de contenido | texto |
| 337 ## - TIPO DE MEDIO | |
| Fuente | rdamedia |
| Nombre/término del tipo de medio | sin mediación |
| 338 ## - TIPO DE SOPORTE | |
| Fuente | rdacarrier |
| Nombre/término del tipo de soporte | volumen |
| 490 1# - MENCIÓN DE SERIE | |
| Mención de serie | Tierra firme |
| RLIN | 178734 |
| 650 00 - PUNTO DE ACCESO ADICIONAL DE MATERIA--TÉRMINO DE MATERIA | |
| Término de materia o nombre geográfico como elemento de entrada | Ensayos hispanoamericanos |
| 9 (RLIN) | 208461 |
| 650 00 - PUNTO DE ACCESO ADICIONAL DE MATERIA--TÉRMINO DE MATERIA | |
| Término de materia o nombre geográfico como elemento de entrada | Literatura hispanoamericana- |
| Subdivisión cronológica | S.XX |
| 9 (RLIN) | 183405 |
| 650 00 - PUNTO DE ACCESO ADICIONAL DE MATERIA--TÉRMINO DE MATERIA | |
| Término de materia o nombre geográfico como elemento de entrada | Literatura hispanoamericana- |
| Subdivisión general | Ensayos |
| 9 (RLIN) | 237547 |
| 700 ## - ENTRADA AGREGADA--NOMBRE PERSONAL | |
| Nombre de persona | Skirius, John |
| 9 (RLIN) | 237548 |
| 830 ## - PUNTO DE ACCESO ADICIONAL DE SERIE-TÍTULO UNIFORME | |
| 9 (RLIN) | 178734 |
| Título uniforme | Tierra firme |
| 852 ## - LOCALIZACIÓN | |
| Ubicación | ES-MaACL |
| Sublocalización o colección | R.153597 |
| Ubicación en estantería | Depósito J |
| Número de control de estantería | N-8827 |
| Donativo/Legado | Donación: Milagros Baras |
| Encuadernación | Encuadernación: Rústica |
| itemnumber | 204681 |
| 903 ## - NOMBRE PERSONAL DE DONANTE | |
| 9 | 239741 |
| a | Baras, Milagros |
| e | Donante |
| 942 ## - ELEMENTOS DE ENTRADA SECUNDARIOS (KOHA) | |
| Fuente del sistema de clasificación o colocación | Clasificación decimal universal |
| Tipo de ítem Koha | Libro impreso |
| Suprimir en OPAC | No |
| 954 ## - CATALOGADORES | |
| Estado de la copia | Tatiana Alejandra de Castro Pérez |
| Estatus retirado | Estado de pérdida | Fuente del sistema de clasificación o colocación | Estado de daño | No para préstamo | Biblioteca de origen | Biblioteca actual | Ubicación en estantería | Fecha de adquisición | Fuente de adquisición | Total de préstamos | Signatura topográfica completa | Código de barras | Visto por última vez | Precio de reemplazo | Tipo de ítem Koha |
|---|---|---|---|---|---|---|---|---|---|---|---|---|---|---|---|
| Clasificación decimal universal | Biblioteca del Ateneo de Madrid | Biblioteca del Ateneo de Madrid | Depósito J | 07/03/2025 | Donación | N-8827 | 101229530 | 07/03/2025 | 07/03/2025 | Libro impreso |
